Statistics for France Biggest City by Département Map Quiz

Click here to take the quiz!

General Stats

  • This quiz has been taken 275 times
  • The average score is 59 of 96

Answers on the Map

Answers color-coded by a green-red scale on the quiz's map according to % correct below.
 

Answer Stats

Nom de la régionDépartementNom de la communePopulation municipale% Correct
Île-de-FranceParisParis2 187 526
99%
Nouvelle-AquitaineGirondeBordeaux254 436
98%
Hauts-de-FranceNordLille232 787
97%
Auvergne-Rhône-AlpesRhôneLyon516 092
96%
Provence-Alpes-Côte d'AzurBouches-du-RhôneMarseille863 310
96%
Provence-Alpes-Côte d'AzurAlpes-MaritimesNice340 017
96%
Pays de la LoireLoire-AtlantiqueNantes309 346
95%
Grand EstBas-RhinStrasbourg280 966
95%
OccitanieHéraultMontpellier285 121
94%
OccitanieHaute-GaronneToulouse479 553
94%
BretagneIlle-et-VilaineRennes216 815
93%
BretagneFinistèreBrest140 064
91%
Bourgogne-Franche-ComtéCôte-d'OrDijon156 920
89%
CorseCorse-du-SudAjaccio70 659
87%
Auvergne-Rhône-AlpesIsèreGrenoble158 454
87%
NormandieSeine-MaritimeLe Havre170 147
86%
Provence-Alpes-Côte d'AzurVarToulon171 953
85%
Auvergne-Rhône-AlpesPuy-de-DômeClermont-Ferrand143 886
83%
Grand EstMoselleMetz116 429
82%
OccitaniePyrénées-OrientalesPerpignan120 158
82%
NormandieCalvadosCaen105 354
81%
OccitanieGardNîmes150 610
81%
Auvergne-Rhône-AlpesLoireSaint-Étienne172 565
80%
CorseHaute-CorseBastia45 715
79%
Grand EstMarneReims182 460
79%
Centre-Val de LoireIndre-et-LoireTours135 787
79%
Pays de la LoireVendéeLa Roche-sur-Yon54 372
78%
Nouvelle-AquitaineHaute-VienneLimoges132 175
78%
Centre-Val de LoireLoiretOrléans116 685
78%
Hauts-de-FranceSommeAmiens134 057
77%
Auvergne-Rhône-AlpesHaute-SavoieAnnecy126 924
77%
Grand EstMeurthe-et-MoselleNancy104 286
77%
Pays de la LoireSartheLe Mans142 946
76%
Hauts-de-FrancePas-de-CalaisCalais73 911
75%
Nouvelle-AquitainePyrénées-AtlantiquesPau77 130
75%
Provence-Alpes-Côte d'AzurVaucluseAvignon91 921
74%
Île-de-FranceSeine-Saint-DenisSaint-Denis111 135
74%
Grand EstHaut-RhinMulhouse109 443
73%
Île-de-FranceYvelinesVersailles85 862
73%
Pays de la LoireMaine-et-LoireAngers152 960
70%
Bourgogne-Franche-ComtéDoubsBesançon115 934
67%
Auvergne-Rhône-AlpesAinBourg-en-Bresse41 527
67%
Nouvelle-AquitaineViennePoitiers88 291
67%
Bourgogne-Franche-ComtéTerritoire de BelfortBelfort47 656
65%
Nouvelle-AquitaineCharente-MaritimeLa Rochelle75 735
65%
NormandieMancheCherbourg-en-Cotentin79 200
62%
Auvergne-Rhône-AlpesSavoieChambéry58 919
61%
BretagneMorbihanLorient57 149
60%
Grand EstAubeTroyes61 652
60%
Auvergne-Rhône-AlpesDrômeValence63 714
58%
Provence-Alpes-Côte d'AzurHautes-AlpesGap40 895
57%
Bourgogne-Franche-ComtéYonneAuxerre34 634
56%
Pays de la LoireMayenneLaval49 728
54%
Bourgogne-Franche-ComtéNièvreNevers32 990
54%
Hauts-de-FranceOiseBeauvais56 254
53%
BretagneCôtes-d'ArmorSaint-Brieuc44 372
53%
OccitanieHautes-PyrénéesTarbes41 518
53%
Nouvelle-AquitaineDeux-SèvresNiort58 707
52%
Centre-Val de LoireEure-et-LoirChartres38 578
51%
OccitanieAudeNarbonne54 700
51%
OccitanieTarnAlbi48 970
50%
Centre-Val de LoireCherBourges64 551
50%
Centre-Val de LoireLoir-et-CherBlois46 086
49%
Île-de-FranceHauts-de-SeineBoulogne-Billancourt120 071
49%
Nouvelle-AquitaineCharenteAngoulême41 740
48%
OccitanieTarn-et-GaronneMontauban60 810
48%
Grand EstArdennesCharleville-Mézières46 428
47%
OccitanieAveyronRodez24 057
47%
NormandieEureÉvreux47 733
45%
Nouvelle-AquitaineLandesMont-de-Marsan29 554
44%
Nouvelle-AquitaineDordognePérigueux29 966
44%
Bourgogne-Franche-ComtéSaône-et-LoireChalon-sur-Saône45 096
43%
Nouvelle-AquitaineLot-et-GaronneAgen33 576
42%
Grand EstVosgesÉpinal31 740
42%
Île-de-FranceEssonneÉvry-Courcouronnes67 967
42%
OccitanieGersAuch21 935
40%
Auvergne-Rhône-AlpesCantalAurillac25 499
40%
OccitanieLotCahors19 878
40%
Centre-Val de LoireIndreChâteauroux43 741
40%
Auvergne-Rhône-AlpesHaute-LoireLe Puy-en-Velay18 995
40%
Hauts-de-FranceAisneSaint-Quentin53 816
39%
NormandieOrneAlençon25 848
38%
Île-de-FranceVal-d'OiseArgenteuil110 210
36%
OccitanieLozèreMende12 134
36%
Nouvelle-AquitaineCorrèzeBrive-la-Gaillarde46 916
34%
Nouvelle-AquitaineCreuseGuéret13 161
32%
Grand EstMeuseVerdun17 475
32%
Auvergne-Rhône-AlpesAllierMontluçon35 653
31%
Bourgogne-Franche-ComtéSaôneVesoul14 916
31%
Île-de-FranceSeine-et-MarneMeaux54 991
30%
Bourgogne-Franche-ComtéJuraDole23 708
20%
Île-de-FranceVal-de-MarneVitry-sur-Seine93 557
20%
Grand EstHaute-MarneSaint-Dizier24 012
19%
OccitanieAriègePamiers15 675
18%
Auvergne-Rhône-AlpesArdècheAnnonay16 345
16%
Provence-Alpes-Côte d'AzurAlpes-de-Haute-ProvenceManosque22 333
14%

Score Distribution

Percentile by Number Answered

Percent of People with Each Score

Your Score History

You have not taken this quiz